LIBRARY & INFORMATION CENTRE, KCAET, TAVANUR

ONLINE PUBLIC ACCESS CATALOGUE (OPAC)

Aadhunik hindi natak / (Record no. 12725)

MARC details
000 -LEADER
fixed length control field 00427cam a2200181ua 4500
041 ## - LANGUAGE CODE
Language code of text/sound track or separate title hin
082 ## - DEWEY DECIMAL CLASSIFICATION NUMBER
Classification number 891.54
Item number NAG/AA
100 ## - MAIN ENTRY--AUTHOR NAME
Personal name Nagendra, .
245 ## - TITLE STATEMENT
Title Aadhunik hindi natak /
250 ## - EDITION STATEMENT
Edition statement 7 /
260 ## - PUBLICATION, DISTRIBUTION, ETC. (IMPRINT)
Place of publication Agra :
Name of publisher sahitya ratne bhandar ,
Year of publication 1964.
300 ## - PHYSICAL DESCRIPTION
Number of Pages 159 ; .
942 ## - ADDED ENTRY ELEMENTS (KOHA)
Koha item type Books
Holdings
Withdrawn status Lost status Damaged status Home library Current library Date acquired Full call number Accession Number Koha item type
Withdrawn     KAUAET Sanskrit University 07/04/2012 891.54 12571 Books
free website counter